[Event "Madrid 2023-2024ch - Previa A"]
[Site "Madrid ESP"]
[Date "2024.02.20"]
[Round "7.22"]
[White "Diaz Garcia-Heras, Jose J."]
[Black "Melero Fernandez, Jose M"]
[Result "1-0"]
[WhiteElo "1697"]
[BlackElo "1385"]
[PlyCount "45"]
[EventDate "2024.02.05"]
[EventType "swiss"]
[EventRounds "9"]
[EventCountry "ESP"]
[SourceTitle "Ajedrez en Madrid"]
[Source "lmi"]
[SourceDate "2024.02.06"]
[SourceVersion "1"]
[SourceVersionDate "2024.03.02"]
[SourceQuality "1"]

1. e4 c5 2. Nf3 Nc6 3. Bc4 g6 4. c3 Bg7 5. O-O Nf6 6. d3 O-O 7. Bg5 h6 8. Bxf6
Bxf6 9. Nbd2 Ne5 10. Nxe5 Bxe5 11. f4 Bg7 12. Nf3 a6 13. f5 e6 14. fxg6 fxg6
15. Qe2 b5 16. Bb3 Qb6 17. Kh1 Bb7 18. Nh4 Kh7 19. Qg4 e5 20. Rf7 Rxf7 21. Bxf7
g5 22. Qf5+ Kh8 23. Ng6+ 1-0

[Event "Madrid 2023-2024ch - Previa A"]
[Site "Madrid ESP"]
[Date "2024.02.20"]
[Round "7.23"]
[White "Marin Lopez, Jeronimo"]
[Black "Villodre Miranda, Juan Alonso"]
[Result "1-0"]
[WhiteElo "1797"]
[BlackElo "1541"]
[PlyCount "113"]
[EventDate "2024.02.05"]
[EventType "swiss"]
[EventRounds "9"]
[EventCountry "ESP"]
[SourceTitle "Ajedrez en Madrid"]
[Source "lmi"]
[SourceDate "2024.02.06"]
[SourceVersion "1"]
[SourceVersionDate "2024.03.02"]
[SourceQuality "1"]

1. e4 e5 2. Nf3 d6 3. d4 exd4 4. Nxd4 Nc6 5. c4 g6 6. Nc3 Bg7 7. Be3 Nxd4 8.
Bxd4 Nf6 9. f3 O-O 10. Be2 b6 11. Qd2 h6 12. O-O-O Bb7 13. g4 Nd7 14. Be3 Kh7
15. h4 f6 16. g5 h5 17. Nd5 Bxd5 18. Qxd5 Qe7 19. Qd2 Rae8 20. gxf6 Bxf6 21.
Bg5 Bxg5 22. hxg5 Qe5 23. Qe3 Qf4 24. Kd2 Rf7 25. Qxf4 Rxf4 26. Ke3 Ref8 27.
Rh3 Ne5 28. Rdh1 Kg7 29. Rh4 Rxh4 30. Rxh4 a5 31. f4 Nd7 32. Bd3 Nc5 33. Bc2
Ne6 34. Ba4 Rf7 35. Bc6 Re7 36. Bd5 Nd8 37. c5 dxc5 38. Kf3 c6 39. Bb3 Ne6 40.
Bxe6 Rxe6 41. f5 gxf5 42. exf5 Re5 43. Kf4 Re2 44. Rxh5 Rxb2 45. f6+ Kf7 46.
Rh7+ Ke6 47. Re7+ Kd6 48. g6 Rf2+ 49. Kg5 c4 50. Re3 b5 51. g7 Rg2+ 52. Kh6 b4
53. f7 Rh2+ 54. Kg6 Rg2+ 55. Kh7 c3 56. f8=Q+ Kd5 57. Qf3+ 1-0

[Event "Madrid 2023-2024ch - Previa A"]
[Site "Madrid ESP"]
[Date "2024.02.20"]
[Round "7.24"]
[White "Martin-Buitrago Lopez, Antonio"]
[Black "Gimenez Buiza, Fernando"]
[Result "1-0"]
[WhiteElo "1739"]
[BlackElo "1745"]
[PlyCount "111"]
[EventDate "2024.02.05"]
[EventType "swiss"]
[EventRounds "9"]
[EventCountry "ESP"]
[SourceTitle "Ajedrez en Madrid"]
[Source "lmi"]
[SourceDate "2024.02.06"]
[SourceVersion "1"]
[SourceVersionDate "2024.03.02"]
[SourceQuality "1"]

1. e4 c6 2. d4 d5 3. exd5 cxd5 4. Bd3 Nc6 5. c3 Nf6 6. Bf4 Bg4 7. Qb3 Qd7 8.
Nd2 a6 9. Ngf3 e6 10. O-O Qc8 11. Rae1 Be7 12. Qc2 O-O 13. Ne5 Bh5 14. Ndf3
Bxf3 15. Nxf3 Re8 16. Ne5 g6 17. Bg5 Nxe5 18. dxe5 Nh5 19. Bxe7 Rxe7 20. f4 Ng7
21. Qf2 Qc7 22. Re3 Qc5 23. Rh3 Qxf2+ 24. Kxf2 b5 25. g4 h5 26. gxh5 Nxh5 27.
Ke3 Ng7 28. Rg1 Ree8 29. Rg4 Kf8 30. Rgh4 Nf5+ 31. Bxf5 gxf5 32. Rh8+ Ke7 33.
Rxe8+ Rxe8 34. Kd4 Rg8 35. Rg3 Rh8 36. h3 Rh4 37. Rf3 f6 38. b4 Rh8 39. Kc5 Rg8
40. Kb6 Rg2 41. Kxa6 Rxa2+ 42. Kxb5 Ra3 43. Kc5 Rb3 44. Kd4 Rb1 45. Rg3 Kf7 46.
Rf3 Rb3 47. Kc5 Ke7 48. b5 d4 49. Kc4 Rb1 50. cxd4 Rc1+ 51. Rc3 Rf1 52. exf6+
Kxf6 53. b6 Rg1 54. b7 Rg8 55. Rb3 Rb8 56. Kc5 1-0

[Event "Madrid 2023-2024ch - Previa A"]
[Site "Madrid ESP"]
[Date "2024.02.20"]
[Round "7.25"]
[White "Ortega Molina, Tomas"]
[Black "Hernandez Gutierrez, Jose"]
[Result "0-1"]
[WhiteElo "1538"]
[BlackElo "1712"]
[PlyCount "54"]
[EventDate "2024.02.05"]
[EventType "swiss"]
[EventRounds "9"]
[EventCountry "ESP"]
[SourceTitle "Ajedrez en Madrid"]
[Source "lmi"]
[SourceDate "2024.02.06"]
[SourceVersion "1"]
[SourceVersionDate "2024.03.02"]
[SourceQuality "1"]

1. d4 d5 2. c4 c6 3. Nc3 Nf6 4. Bg5 dxc4 5. e3 b5 6. a3 Nbd7 7. Nf3 Bb7 8. Be2
e6 9. O-O Be7 10. Qc2 O-O 11. Rad1 Nd5 12. Bxe7 Qxe7 13. e4 Nxc3 14. Qxc3 Nf6
15. Nd2 Rfd8 16. Bf3 c5 17. dxc5 Qxc5 18. Nb3 Qb6 19. Nd2 Rd3 20. Qe5 Rad8 21.
Qf4 h6 22. g4 e5 23. Nxc4 bxc4 24. Qxe5 Rxd1 25. Bxd1 Nxe4 26. Bc2 Nd2 27. Qf5
g6 0-1

[Event "Madrid 2023-2024ch - Previa A"]
[Site "Madrid ESP"]
[Date "2024.02.20"]
[Round "7.27"]
[White "Aldea Moreno, Marina"]
[Black "Carbo de Haya, Jaime"]
[Result "0-1"]
[WhiteElo "1663"]
[BlackElo "1297"]
[PlyCount "182"]
[EventDate "2024.02.05"]
[EventType "swiss"]
[EventRounds "9"]
[EventCountry "ESP"]
[SourceTitle "Ajedrez en Madrid"]
[Source "lmi"]
[SourceDate "2024.02.06"]
[SourceVersion "1"]
[SourceVersionDate "2024.03.02"]
[SourceQuality "1"]

1. e4 c5 2. c3 Nf6 3. e5 Nd5 4. Nf3 d6 5. Bb5+ Nc6 6. O-O a6 7. Bxc6+ bxc6 8.
Na3 g6 9. exd6 exd6 10. Re1+ Ne7 11. d4 cxd4 12. Qxd4 Rg8 13. Bg5 Be6 14. Qa4
Qd7 15. Rad1 h6 16. Bf6 Nf5 17. Nc4 Qc7 18. Na5 Bg7 19. Bxg7 Rxg7 20. Nb3 Kf8
21. Nbd4 Bd7 22. Nxf5 gxf5 23. Qf4 Rg6 24. Nh4 Rf6 25. Qd4 Kg7 26. f4 c5 27.
Qd3 Rg8 28. Re7 Qc6 29. Qd5 Qa4 30. Rf1 Bc6 31. Qb3 Qa5 32. Rd1 Ba4 33. Qa3 Qd8
34. Rde1 Bb5 35. Qb3 Bd3 36. R7e3 Be4 37. c4 Kh7 38. Rg3 Re6 39. Ree3 Qxh4 40.
Rxg8 Kxg8 41. Qb8+ Kh7 42. Qc7 Qf6 43. Rg3 Re8 44. h3 Rg8 45. Kh2 Rxg3 46. Kxg3
Qg6+ 47. Kf2 Qxg2+ 48. Ke3 Qf3+ 49. Kd2 Qxf4+ 50. Kd1 Qf3+ 51. Ke1 Qe3+ 52. Kd1
Qd3+ 53. Ke1 Kg7 54. Qb6 Bf3 55. Kf2 Qe2+ 56. Kg3 Qg2+ 57. Kf4 Qg5+ 58. Kxf3
Qh5+ 59. Kg3 Qg5+ 60. Kf3 Qd2 61. Qb3 Kg6 62. Kg3 f4+ 63. Kf3 Kg5 64. Ke4 f5+
65. Kf3 Qd4 66. Qc2 Qe4+ 67. Qxe4 fxe4+ 68. Kxe4 h5 69. a3 a5 70. b3 h4 71. a4
f3 72. Kxf3 Kf5 73. Ke3 Ke5 74. Kf3 Kd4 75. Kg4 Kc3 76. Kxh4 Kxb3 77. Kg3 Kxc4
78. h4 d5 79. h5 d4 80. h6 d3 81. h7 d2 82. h8=Q d1=Q 83. Qg8+ Qd5 84. Qg4+ Qd4
85. Qg8+ Kc3 86. Qa2 Qd3+ 87. Kg4 Qc4+ 88. Qxc4+ Kxc4 89. Kf3 Kd3 90. Kf2 Kd2
91. Kf3 c4 0-1

[Event "Madrid 2023-2024ch - Previa A"]
[Site "Madrid ESP"]
[Date "2024.02.20"]
[Round "7.30"]
[White "Rodriguez Rodriguez, Ricardo"]
[Black "Martinez Miura, Enrique"]
[Result "1-0"]
[WhiteElo "1685"]
[BlackElo "1495"]
[PlyCount "93"]
[EventDate "2024.02.05"]
[EventType "swiss"]
[EventRounds "9"]
[EventCountry "ESP"]
[SourceTitle "Ajedrez en Madrid"]
[Source "lmi"]
[SourceDate "2024.02.06"]
[SourceVersion "1"]
[SourceVersionDate "2024.03.02"]
[SourceQuality "1"]

1. c4 c6 2. Nc3 d5 3. d4 e6 4. e3 Nf6 5. Nf3 Be7 6. b3 O-O 7. Bd3 Nbd7 8. Bb2
b6 9. O-O Bb7 10. Qe2 c5 11. Rfd1 Re8 12. e4 dxe4 13. Nxe4 Nxe4 14. Bxe4 Bxe4
15. Qxe4 Nf6 16. Qe2 Qc7 17. dxc5 Qxc5 18. Ne5 Rad8 19. Rac1 Rxd1+ 20. Rxd1 Rd8
21. Rxd8+ Bxd8 22. Qd3 Qc7 23. Qg3 Qd6 24. Qd3 Qxd3 25. Nxd3 Nd7 26. Nb4 a5 27.
Nc6 Bf6 28. Bc1 Ne5 29. Nxe5 Bxe5 30. Be3 Bc7 31. Kf1 Kf8 32. a4 Ke7 33. c5
bxc5 34. Bxc5+ Kd7 35. Ke2 Kc6 36. Bf8 g6 37. h3 Kd5 38. Kd3 f5 39. b4 axb4 40.
Bxb4 Bb6 41. f3 e5 42. a5 e4+ 43. fxe4+ fxe4+ 44. Ke2 Ba7 45. Bd2 Kc4 46. Be3
Bb8 47. a6 1-0

[Event "Madrid 2023-2024ch - Previa A"]
[Site "Madrid ESP"]
[Date "2024.02.20"]
[Round "7.33"]
[White "Calle Trueba, Jose Antonio"]
[Black "Rubio Rivera, Felix"]
[Result "0-1"]
[WhiteElo "1378"]
[BlackElo "1491"]
[PlyCount "64"]
[EventDate "2024.02.05"]
[EventType "swiss"]
[EventRounds "9"]
[EventCountry "ESP"]
[SourceTitle "Ajedrez en Madrid"]
[Source "lmi"]
[SourceDate "2024.02.06"]
[SourceVersion "1"]
[SourceVersionDate "2024.03.02"]
[SourceQuality "1"]

1. e4 c6 2. d4 d5 3. Nd2 dxe4 4. Nxe4 Nf6 5. Nxf6+ exf6 6. Nf3 Bd6 7. Bd3 Be6
8. O-O Nd7 9. Re1 O-O 10. Re4 Re8 11. h4 Qa5 12. h5 Bd5 13. Bd2 Qc7 14. Rh4 Nf8
15. c4 Be6 16. d5 cxd5 17. cxd5 Bxd5 18. Rc1 Qd7 19. Bc4 Bxc4 20. Rcxc4 Be5 21.
Rcg4 Rad8 22. Qc2 Qd3 23. Qa4 Qb1+ 24. Be1 Rd1 25. Nxe5 Rxe1+ 26. Kh2 R1xe5 27.
Rxg7+ Kxg7 28. h6+ Kh8 29. Qf4 Qf5 30. Qg3 Ng6 31. Rb4 Qh5+ 32. Rh4 Qxh4+ 0-1

[Event "Madrid 2023-2024ch - Previa A"]
[Site "Madrid ESP"]
[Date "2024.02.20"]
[Round "7.34"]
[White "Gonzalez Bolado, David"]
[Black "Lopez Manso, Jeronimo"]
[Result "1-0"]
[WhiteElo "1406"]
[BlackElo "1298"]
[PlyCount "55"]
[EventDate "2024.02.05"]
[EventType "swiss"]
[EventRounds "9"]
[EventCountry "ESP"]
[SourceTitle "Ajedrez en Madrid"]
[Source "lmi"]
[SourceDate "2024.02.06"]
[SourceVersion "1"]
[SourceVersionDate "2024.03.02"]
[SourceQuality "1"]

1. e4 Nf6 2. e5 Nd5 3. d4 d6 4. Nf3 Bg4 5. Be2 e6 6. O-O Be7 7. c4 Nb6 8. h3
Bh5 9. Be3 O-O 10. Nc3 f5 11. b3 N8d7 12. exd6 cxd6 13. d5 e5 14. a4 f4 15.
Bxb6 Qxb6 16. a5 Qd8 17. b4 Rc8 18. Nd2 Bg6 19. Rc1 Nf6 20. Bf3 Qe8 21. Nce4
Bf5 22. Nxf6+ Rxf6 23. Bg4 Qg6 24. Bxf5 Rxf5 25. Qg4 Qf7 26. g3 Rg5 27. Qxc8+
Bf8 28. Qe6 1-0

[Event "Madrid 2023-2024ch - Previa A"]
[Site "Madrid ESP"]
[Date "2024.02.20"]
[Round "7.35"]
[White "Benito Mellado, Humberto"]
[Black "Ropero Galan, Samuel"]
[Result "0-1"]
[WhiteElo "1330"]
[BlackElo "1380"]
[PlyCount "52"]
[EventDate "2024.02.05"]
[EventType "swiss"]
[EventRounds "9"]
[EventCountry "ESP"]
[SourceTitle "Ajedrez en Madrid"]
[Source "lmi"]
[SourceDate "2024.02.06"]
[SourceVersion "1"]
[SourceVersionDate "2024.03.02"]
[SourceQuality "1"]

1. d4 d5 2. c4 e6 3. Nc3 Nf6 4. Nf3 a6 5. cxd5 Nxd5 6. e4 Nf6 7. e5 Nd5 8. Bd3
Bb4 9. Qc2 f5 10. exf6 Nxf6 11. O-O b5 12. Re1 O-O 13. Bg5 Bb7 14. Be4 Bxe4 15.
Rxe4 Qd6 16. Rh4 Nbd7 17. Bf4 Qe7 18. Re1 Bd6 19. Ng5 Bxf4 20. Rxf4 h6 21. Rxe6
Qb4 22. Nf3 c5 23. d5 Qxf4 24. d6 Rae8 25. Nd5 Nxd5 26. Rxh6 Qxh6 0-1

[Event "Madrid 2023-2024ch - Previa A"]
[Site "Madrid ESP"]
[Date "2024.02.20"]
[Round "7.36"]
[White "de Villota Borrego, Pablo"]
[Black "Vasquez Escobar, Andres Eloy"]
[Result "0-1"]
[WhiteElo "1034"]
[BlackElo "1391"]
[PlyCount "88"]
[EventDate "2024.02.05"]
[EventType "swiss"]
[EventRounds "9"]
[EventCountry "ESP"]
[SourceTitle "Ajedrez en Madrid"]
[Source "lmi"]
[SourceDate "2024.02.06"]
[SourceVersion "1"]
[SourceVersionDate "2024.03.02"]
[SourceQuality "1"]

1. e4 Nf6 2. Nc3 d6 3. Bc4 g6 4. d4 Bg7 5. Be3 O-O 6. Nf3 Bg4 7. h3 Bxf3 8.
Qxf3 Nc6 9. a3 e6 10. O-O Rb8 11. Rad1 Qc8 12. b4 a6 13. d5 Ne5 14. Qe2 Nxc4
15. Qxc4 b5 16. Qc6 Nd7 17. dxe6 fxe6 18. Bd4 Ne5 19. Bxe5 Bxe5 20. Ne2 Rb6 21.
Qxb6 cxb6 22. c3 Rd8 23. f4 Bg7 24. Rc1 Qc4 25. Nd4 Bxd4+ 26. cxd4 Qxd4+ 27.
Rf2 Qxe4 28. Rcf1 Rc8 29. f5 gxf5 30. Rf4 Qe3+ 31. R1f2 Rc2 32. R4f3 Rc1+ 33.
Kh2 Qe5+ 34. Rg3+ Kh8 35. Rff3 Rc4 36. Re3 Qf6 37. a4 f4 38. Rgf3 e5 39. g4
fxe3 40. Rxf6 e2 41. Rf8+ Kg7 42. Re8 e1=Q 43. h4 Rc2+ 44. Kh3 Qe3# 0-1

[Event "Madrid 2023-2024ch - Previa A"]
[Site "Madrid ESP"]
[Date "2024.02.21"]
[Round "8.1"]
[White "Marin Aso, Jose Luis"]
[Black "Ruiz Bellon, Manuel"]
[Result "1-0"]
[WhiteElo "1859"]
[BlackElo "1843"]
[PlyCount "53"]
[EventDate "2024.02.05"]
[EventType "swiss"]
[EventRounds "9"]
[EventCountry "ESP"]
[SourceTitle "Ajedrez en Madrid"]
[Source "lmi"]
[SourceDate "2024.02.06"]
[SourceVersion "1"]
[SourceVersionDate "2024.03.02"]
[SourceQuality "1"]

1. c4 g6 2. Nc3 Bg7 3. g3 d6 4. Bg2 f5 5. b4 Nf6 6. Bb2 e5 7. e3 O-O 8. Qb3 c6
9. Nge2 Nbd7 10. d3 h5 11. c5+ Kh7 12. cxd6 Nb6 13. d4 e4 14. Ba3 Re8 15. Nf4
g5 16. Nh3 Kg6 17. O-O Be6 18. Qc2 Qxd6 19. f3 Bc4 20. fxe4 Bxf1 21. e5 Qe6 22.
Rxf1 Ne4 23. Nxe4 fxe4 24. Qxe4+ Kh6 25. Nxg5 Qg6 26. Nf7+ Kh7 27. Qxg6+ 1-0

[Event "Madrid 2023-2024ch - Previa A"]
[Site "Madrid ESP"]
[Date "2024.02.21"]
[Round "8.2"]
[White "Martin Rodriguez, Emilio"]
[Black "Blazquez Sanz, Oscar"]
[Result "1-0"]
[WhiteElo "1964"]
[BlackElo "1924"]
[PlyCount "83"]
[EventDate "2024.02.05"]
[EventType "swiss"]
[EventRounds "9"]
[EventCountry "ESP"]
[SourceTitle "Ajedrez en Madrid"]
[Source "lmi"]
[SourceDate "2024.02.06"]
[SourceVersion "1"]
[SourceVersionDate "2024.03.02"]
[SourceQuality "1"]

1. d4 Nf6 2. Nf3 g6 3. Bg5 Bg7 4. Nbd2 O-O 5. c3 d6 6. e4 c5 7. dxc5 dxc5 8.
Bc4 Nc6 9. Qe2 a6 10. a4 Qc7 11. h3 Nd7 12. Qe3 b6 13. O-O Bb7 14. Rad1 Nde5
15. Be2 Nxf3+ 16. Nxf3 Ne5 17. Nxe5 Qxe5 18. Rd7 Qxe4 19. Qxe4 Bxe4 20. Rxe7
Rfe8 21. Rxe8+ Rxe8 22. Bxa6 Bc6 23. Bb5 Bxb5 24. axb5 Re2 25. Rb1 f6 26. Be3
f5 27. Kf1 Rc2 28. Ke1 Bxc3+ 29. bxc3 Rxc3 30. Kd2 Rc4 31. Kd3 Re4 32. Bxc5 Re6
33. Bd4 Kf7 34. Rc1 Ke7 35. Rc7+ Kd8 36. Rb7 f4 37. Rxb6 Re8 38. Rb7 h5 39. Rg7
Re6 40. b6 Kc8 41. Kc4 h4 42. Kd5 1-0

[Event "Madrid 2023-2024ch - Previa A"]
[Site "Madrid ESP"]
[Date "2024.02.21"]
[Round "8.3"]
[White "Lopez de Turiso Sanchez, Jose An"]
[Black "Sanchez Rodriguez, Jaime"]
[Result "1/2-1/2"]
[WhiteElo "1915"]
[BlackElo "1791"]
[PlyCount "33"]
[EventDate "2024.02.05"]
[EventType "swiss"]
[EventRounds "9"]
[EventCountry "ESP"]
[SourceTitle "Ajedrez en Madrid"]
[Source "lmi"]
[SourceDate "2024.02.06"]
[SourceVersion "1"]
[SourceVersionDate "2024.03.02"]
[SourceQuality "1"]

1. d4 d5 2. c4 e6 3. g3 c6 4. Nd2 f5 5. Bg2 Bd6 6. Qc2 Nf6 7. Nh3 O-O 8. O-O
Qe7 9. Nf3 Nbd7 10. Nf4 Ne4 11. Nd3 Qf6 12. Bf4 Bxf4 13. Nxf4 Kh8 14. Nd3 g5
15. Rad1 Nd6 16. b3 Nf7 17. e3 1/2-1/2

[Event "Madrid 2023-2024ch - Previa A"]
[Site "Madrid ESP"]
[Date "2024.02.21"]
[Round "8.7"]
[White "Sanchez Liso, Juan A"]
[Black "Alvarez Abejon, Amilcar"]
[Result "1/2-1/2"]
[WhiteElo "1507"]
[BlackElo "1874"]
[PlyCount "78"]
[EventDate "2024.02.05"]
[EventType "swiss"]
[EventRounds "9"]
[EventCountry "ESP"]
[SourceTitle "Ajedrez en Madrid"]
[Source "lmi"]
[SourceDate "2024.02.06"]
[SourceVersion "1"]
[SourceVersionDate "2024.03.02"]
[SourceQuality "1"]

1. d4 Nf6 2. Bf4 g6 3. Nc3 d5 4. e3 Bg7 5. h4 c6 6. Be2 h5 7. Nf3 Qb6 8. Rb1
Bg4 9. b4 Nbd7 10. Na4 Qd8 11. Nc5 Qc8 12. c4 b6 13. Nxd7 Qxd7 14. Qb3 Bxf3 15.
gxf3 O-O 16. Bg3 e6 17. Rc1 a5 18. b5 cxb5 19. Qxb5 Qxb5 20. cxb5 Rfc8 21. Kd2
Bf8 22. Bd3 Bb4+ 23. Ke2 Ba3 24. Rc6 Rxc6 25. bxc6 Ne8 26. Bb5 Nd6 27. Bxd6
Bxd6 28. a4 Rc8 29. Kd3 Kf8 30. Rc1 Bc7 31. e4 Rd8 32. Ke3 Rd6 33. e5 Rd8 34.
f4 Rb8 35. Kd3 Rd8 36. Rg1 Rb8 37. Ke3 Rd8 38. Kf3 Rb8 39. Re1 Re8 1/2-1/2

[Event "Madrid 2023-2024ch - Previa A"]
[Site "Madrid ESP"]
[Date "2024.02.21"]
[Round "8.8"]
[White "Rodriguez Del Pino, Daniel"]
[Black "De Vicente Guijarro, Juan"]
[Result "0-1"]
[WhiteElo "1841"]
[BlackElo "1768"]
[PlyCount "58"]
[EventDate "2024.02.05"]
[EventType "swiss"]
[EventRounds "9"]
[EventCountry "ESP"]
[SourceTitle "Ajedrez en Madrid"]
[Source "lmi"]
[SourceDate "2024.02.06"]
[SourceVersion "1"]
[SourceVersionDate "2024.03.02"]
[SourceQuality "1"]

1. e4 e5 2. Nf3 Nf6 3. Nxe5 d6 4. Nf3 Nxe4 5. d4 d5 6. Bd3 Nc6 7. O-O Be7 8.
Nbd2 Bg4 9. Nxe4 Bxf3 10. Qxf3 Nxd4 11. Qg4 dxe4 12. Bxe4 Ne6 13. Bxb7 Rb8 14.
Bc6+ Kf8 15. Rd1 Bd6 16. b3 Rb4 17. c4 Qf6 18. Be3 h5 19. Qe4 a6 20. f4 g6 21.
Rf1 Qf5 22. Qf3 Qg4 23. Rae1 Qxf3 24. Rxf3 Ng7 25. Bd4 h4 26. f5 g5 27. Bb5 g4
28. Rd3 axb5 29. c5 Rxd4 0-1

[Event "Madrid 2023-2024ch - Previa A"]
[Site "Madrid ESP"]
[Date "2024.02.21"]
[Round "8.9"]
[White "Pashov, Spas Nikolov"]
[Black "Toledo Aguirre, Gonzalo"]
[Result "0-1"]
[WhiteElo "1772"]
[BlackElo "1824"]
[PlyCount "54"]
[EventDate "2024.02.05"]
[EventType "swiss"]
[EventRounds "9"]
[EventCountry "ESP"]
[SourceTitle "Ajedrez en Madrid"]
[Source "lmi"]
[SourceDate "2024.02.06"]
[SourceVersion "1"]
[SourceVersionDate "2024.03.02"]
[SourceQuality "1"]

1. e4 e6 2. d4 d5 3. Nd2 Nf6 4. e5 Nfd7 5. Bd3 c5 6. c3 Nc6 7. Ne2 cxd4 8. cxd4
f6 9. exf6 Nxf6 10. O-O Bd6 11. Nf3 Qc7 12. a3 O-O 13. Qc2 Bd7 14. Ng3 Rac8 15.
Bg5 h6 16. Bxf6 Rxf6 17. Nh5 Rxf3 18. gxf3 Bxh2+ 19. Kg2 Nxd4 20. Qxc7 Bxc7 21.
Rac1 Bc6 22. b4 a6 23. Ng3 Rf8 24. Be2 Bxg3 25. Bxa6 Bf4 26. Rcd1 bxa6 27. Rxd4
e5 0-1

[Event "Madrid 2023-2024ch - Previa A"]
[Site "Madrid ESP"]
[Date "2024.02.21"]
[Round "8.10"]
[White "Vukotic Jovsic, Dragan"]
[Black "Urosa Sanchez, Pablo"]
[Result "0-1"]
[WhiteElo "1800"]
[BlackElo "1502"]
[PlyCount "60"]
[EventDate "2024.02.05"]
[EventType "swiss"]
[EventRounds "9"]
[EventCountry "ESP"]
[SourceTitle "Ajedrez en Madrid"]
[Source "lmi"]
[SourceDate "2024.02.06"]
[SourceVersion "1"]
[SourceVersionDate "2024.03.02"]
[SourceQuality "1"]

1. d4 d5 2. Nf3 Nf6 3. Bf4 c5 4. e3 cxd4 5. exd4 Nc6 6. c3 Bf5 7. Na3 a6 8. Qb3
Qc8 9. c4 e6 10. Rc1 Bb4+ 11. Bd2 Bxd2+ 12. Kxd2 O-O 13. Bd3 Bxd3 14. Kxd3 Rd8
15. Rhe1 Qc7 16. c5 Rab8 17. Qc3 Ne4 18. Rxe4 dxe4+ 19. Kxe4 Ne7 20. b4 Nd5 21.
Qd2 Qe7 22. Kd3 Rbc8 23. Nc4 f6 24. Re1 Qf7 25. Nd6 Rxd6 26. cxd6 Qg6+ 27. Ke2
Rc2 28. d7 Nf4+ 29. Kd1 Rxd2+ 30. Nxd2 Qh5+ 0-1

[Event "Madrid 2023-2024ch - Previa A"]
[Site "Madrid ESP"]
[Date "2024.02.21"]
[Round "8.11"]
[White "Laveda Ayllon, Jose David"]
[Black "Cabanas Bravo, Juan Andres"]
[Result "0-1"]
[WhiteElo "1703"]
[BlackElo "1906"]
[PlyCount "122"]
[EventDate "2024.02.05"]
[EventType "swiss"]
[EventRounds "9"]
[EventCountry "ESP"]
[SourceTitle "Ajedrez en Madrid"]
[Source "lmi"]
[SourceDate "2024.02.06"]
[SourceVersion "1"]
[SourceVersionDate "2024.03.02"]
[SourceQuality "1"]

1. d4 Nf6 2. c4 c5 3. d5 b5 4. cxb5 a6 5. bxa6 Bxa6 6. Nc3 d6 7. g3 g6 8. Bg2
Bg7 9. Rb1 O-O 10. Nf3 Nbd7 11. O-O Ng4 12. Re1 Ra7 13. e4 Qa8 14. a4 Rb8 15.
Bg5 Nde5 16. Nxe5 Nxe5 17. Nb5 Bxb5 18. axb5 h6 19. Bd2 Nd3 20. Re2 Nxb2 21.
Qc2 Rxb5 22. Bxh6 Bxh6 23. Rxb2 Ra1+ 24. Bf1 Rc1 25. Qxc1 Bxc1 26. Rxb5 Qa4 27.
Rb8+ Kg7 28. Rc8 Ba3 29. e5 Qd1 30. Rc7 Kf8 31. Rc8+ Kg7 32. Rc7 c4 33. Rxc4
Qxd5 34. Rce4 Qd1 35. Re1 Qd2 36. R1e2 Qa5 37. exd6 Bxd6 38. Re1 Bc5 39. Re5
Qb6 40. R1e2 f6 41. Re6 Qa7 42. Bh3 f5 43. Bg2 Qa1+ 44. Re1 Qa2 45. R6e2 Qc4
46. Bf1 Qd4 47. Bg2 f4 48. Bf3 g5 49. Kg2 fxg3 50. Rd1 Qa4 51. hxg3 g4 52. Bxg4
Qxg4 53. f3 Qa4 54. Rd5 Qc4 55. Rde5 Kf7 56. Kh3 Qc1 57. Kg4 Bd6 58. Rf5+ Ke8
59. Rg2 Qh1 60. Re2 Qg1 61. f4 Qd1 0-1

[Event "Madrid 2023-2024ch - Previa A"]
[Site "Madrid ESP"]
[Date "2024.02.21"]
[Round "8.12"]
[White "Moreno Torrero, Javier"]
[Black "Martin-Consuegra Barrilero, Javi"]
[Result "1-0"]
[WhiteElo "1879"]
[BlackElo "1673"]
[PlyCount "57"]
[EventDate "2024.02.05"]
[EventType "swiss"]
[EventRounds "9"]
[EventCountry "ESP"]
[SourceTitle "Ajedrez en Madrid"]
[Source "lmi"]
[SourceDate "2024.02.06"]
[SourceVersion "1"]
[SourceVersionDate "2024.03.02"]
[SourceQuality "1"]

1. d4 d6 2. e4 Nf6 3. Nc3 e5 4. Nf3 exd4 5. Nxd4 Be7 6. Be2 O-O 7. O-O a6 8. a4
Re8 9. f3 c5 10. Nb3 Nc6 11. Kh1 Be6 12. Nd5 Bxd5 13. exd5 Ne5 14. f4 Ng6 15.
c4 Ne4 16. Nd2 Nxd2 17. Bxd2 Bf6 18. Bd3 Nf8 19. Qc2 Bd4 20. Rf3 Qf6 21. Rb1 a5
22. b3 b6 23. Rbf1 Re7 24. Rh3 g6 25. f5 Qg7 26. Bh6 Qf6 27. fxg6 Re1 28. gxf7+
Kh8 29. Rxe1 1-0

[Event "Madrid 2023-2024ch - Previa A"]
[Site "Madrid ESP"]
[Date "2024.02.21"]
[Round "8.13"]
[White "Arevillca Colque, Jonatan"]
[Black "Guardiola Sevilla, Antonio"]
[Result "1-0"]
[WhiteElo "1835"]
[BlackElo "1607"]
[PlyCount "103"]
[EventDate "2024.02.05"]
[EventType "swiss"]
[EventRounds "9"]
[EventCountry "ESP"]
[SourceTitle "Ajedrez en Madrid"]
[Source "lmi"]
[SourceDate "2024.02.06"]
[SourceVersion "1"]
[SourceVersionDate "2024.03.02"]
[SourceQuality "1"]

1. e4 c5 2. d4 cxd4 3. c3 dxc3 4. Nxc3 Nc6 5. Nf3 e6 6. Bc4 a6 7. O-O Qc7 8.
Qe2 Be7 9. Bb3 d6 10. Bf4 Bd7 11. Rac1 Qa5 12. Nd5 exd5 13. exd5 Ne5 14. Nxe5
Bb5 15. Nc4 Bxc4 16. Rxc4 Kf8 17. Rfc1 g6 18. Rc7 Qb4 19. Rxe7 Qxf4 20. Re3 Nf6
21. Rc7 Kg7 22. Ree7 Rhf8 23. Qe3 Qxe3 24. fxe3 b5 25. h3 Rae8 26. Rxe8 Rxe8
27. Rc6 Rxe3 28. Rxd6 Rd3 29. Rxa6 Nxd5 30. Ra7 Kf8 31. Rd7 Nb4 32. Rxf7+ Ke8
33. Rxh7 Rd2 34. Rb7 Kd8 35. Rxb5 Rd4 36. a3 Nd3 37. Rd5+ Rxd5 38. Bxd5 Nxb2
39. Bc6 Nc4 40. a4 g5 41. Kf2 Ke7 42. Bb5 Na5 43. Kf3 Kf6 44. Kg4 Nb7 45. g3
Na5 46. h4 gxh4 47. Kxh4 Nb7 48. Kh5 Kg7 49. g4 Na5 50. Kg5 Nb7 51. Bc6 Na5 52.
Bd5 1-0

[Event "Madrid 2023-2024ch - Previa A"]
[Site "Madrid ESP"]
[Date "2024.02.21"]
[Round "8.14"]
[White "Diaz Ramirez, Jaime"]
[Black "Calderon Rojo, Borja"]
[Result "0-1"]
[WhiteElo "1548"]
[BlackElo "1815"]
[PlyCount "51"]
[EventDate "2024.02.05"]
[EventType "swiss"]
[EventRounds "9"]
[EventCountry "ESP"]
[SourceTitle "Ajedrez en Madrid"]
[Source "lmi"]
[SourceDate "2024.02.06"]
[SourceVersion "1"]
[SourceVersionDate "2024.03.02"]
[SourceQuality "1"]

1. e4 c5 2. Nf3 Nc6 3. Bc4 e6 4. d3 d5 5. exd5 exd5 6. Qe2+ Be7 7. Bb3 Nf6 8.
h3 O-O 9. O-O h6 10. Bf4 Bd6 11. Bxd6 Qxd6 12. Qd2 a6 13. a4 Be6 14. d4 c4 15.
Ba2 Ne4 16. Qe3 b5 17. axb5 axb5 18. c3 b4 19. Nbd2 Nxd2 20. Nxd2 b3 21. Bxb3
cxb3 22. Nxb3 Rxa1 23. Rxa1 Rb8 24. Ra3 Bd7 25. Qe2 Re8 26. Qf3 0-1